000 01812cam a22004694i 4500
003 PE-LiUPU
005 20250731172723.0
008 150617s r 000 0 d
035 _a(Sirsi) a11134
040 _aPE-LiUPU
_bspa
_cPE-LiUPU
_erda
049 _aPRUA
082 0 4 _a239
_bL25
_221
100 1 _aLang, Albert,
_eautor.
245 1 0 _aTeología Fundamental II :
_b la misión de la iglesia /
_cAlbert Lang.
264 1 _aMadrid :
_bRialp,
_c1970.
300 _a423 páginas ;
_c23 cm.
336 _atext
_2rdacontent
337 _aunmediated
_2rdamedia
338 _avolume
_2rdacarrier
490 0 _aBiblioteca de teología ;
_v8
505 0 _aIglesia de Jesucristo -- La fundación de la iglesia por Cristo -- La iglesia del primitivo cristianismo -- Las notas dela verdadera iglesia de Cristo -- La iglesia transmisora de la revelación divina -- La revelación divina, fundamental del conocimiento de la fe -- El magisterio infalible de la iglesia, organo transmisor de la revelación -- La escritura y tradición, fuentes de la revelación.
526 _aSEG42
526 _aSEG41
526 _aSEG40
526 _aSEG39
526 _aP94
526 _aP87
526 _aP86
526 _aP85
526 _aP77
526 _aP76
526 _aP35
650 0 4 _aAPOLOGETICA.
_92321
650 0 4 _aIGLESIA
_xMISION.
910 _ajck
_bjvq
_cjck
_d20150616
942 _2ddc
_cBOOK
949 _a239 L25
_wDEWEY
_c1
_i11164
_lCCODEBUL1
_mBUL
_p00.00
_r0
_sY
_tBOOK
_u19790426
_xTEOLOGIA
_PP35
_0COMPRA
_o.STAFF. Colección General
994 _aC0
_bPEPRU
596 _a1
999 _a239 L25
_wDEWEY
_c1253
_i11164
_f2021-11-11
_g5
_lCCODEBUL1
_mBUL
_r0
_sY
_tBOOK
_u2015-6-17
_xTEOLOGIA
_PP35
_0COMPRA
_o.STAFF. Colección General
_d1253
980 _81
_gALBERTO SANCHEZ Responsable de Automatización